[Event "4NCL Online Division 5"]
[Site "online"]
[Date "2020.11.17"]
[Round "7.103"]
[White "Yordanov, Denislav"]
[Black "Berry, Steve"]
[Result "1/2-1/2"]
[WhiteElo "1352"]
[BlackElo "1472"]
[PlyCount "116"]
[EventDate "2020.11.17"]
[WhiteTeam "Streatham C"]
[BlackTeam "Warley and Quinborne"]

1. e4 c5 2. Nf3 d6 3. d4 cxd4 4. Nxd4 Nc6 5. Nc3 Nf6 6. Bb5 Bd7 7. O-O a6 8.
Ba4 Ne5 9. f4 Nc6 10. Bxc6 bxc6 11. Nf3 Qb6+ 12. Kh1 Ng4 13. Qe1 Qb8 14. h3 Nf6
15. Be3 e5 16. fxe5 dxe5 17. Na4 Qb5 18. Nb6 Rd8 19. c4 Qxb2 20. Rb1 Qxa2 21.
Nxe5 Bd6 22. Nbxd7 Rxd7 23. Nxd7 Nxd7 24. Qd1 Bc7 25. Rb7 Qa5 26. Rxf7 Kxf7 27.
Qxd7+ Kg6 28. Rxc7 Qa1+ 29. Bg1 Rf8 30. Rxc6+ Rf6 31. Rxf6+ gxf6 32. Qf5+ Kg7
33. Qg4+ Kf7 34. Qd7+ Kg6 35. Qd4 Qc1 36. Kh2 Qf4+ 37. g3 Qc1 38. Be3 Qc2+ 39.
Bf2 a5 40. Kg2 a4 41. c5 a3 42. Qa1 Qb2 43. Qd1 a2 44. Qg4+ Kf7 45. Qd7+ Kg8
46. Qe8+ Kg7 47. Qd7+ Kh6 48. Kf3 a1=Q 49. Be3+ Kg6 50. Qe8+ Kg7 51. Qd7+ Kg6
52. Qe8+ Kg7 53. Qe7+ Kg6 54. Qe8+ Kg7 55. Qd7+ Kg8 56. Qe8+ Kg7 57. Qe7+ Kg8
58. Qe8+ Kg7 1/2-1/2

[Event "4NCL Online Division 5"]
[Site "online"]
[Date "2020.11.17"]
[Round "7.104"]
[White "Woodward, Pauline"]
[Black "McNeil, Eric Dylan"]
[Result "0-1"]
[WhiteElo "1255"]
[BlackElo "932"]
[PlyCount "79"]
[EventDate "2020.11.17"]
[WhiteTeam "Warley and Quinborne"]
[BlackTeam "Streatham C"]

1. e4 c6 2. c3 d5 3. exd5 cxd5 4. d4 Nf6 5. Nf3 Bf5 6. Bd3 Bxd3 7. Qxd3 Nc6 8.
O-O e6 9. Bf4 Bd6 10. Ne5 O-O 11. Re1 Ne4 12. Nd2 Nxd2 13. Bxd2 Nxe5 14. dxe5
Bc5 15. Be3 Qc7 16. b4 Bb6 17. Bxb6 Qxb6 18. a3 Rac8 19. Re3 Rc4 20. Rh3 g6 21.
Qd2 h5 22. Rf3 Qc7 23. Re1 Rc8 24. h3 Rxc3 25. Rxc3 Qxc3 26. Qxc3 Rxc3 27. a4
Rc4 28. Rb1 Re4 29. g3 Rxe5 30. f4 Re4 31. Kf2 Kf8 32. a5 h4 33. b5 hxg3+ 34.
Kxg3 Ke7 35. Rc1 Rc4 36. Rxc4 dxc4 37. Kf3 Kd6 38. Ke3 Kc5 39. Kd2 Kxb5 40. Kc3
0-1

[Event "4NCL Online Division 5"]
[Site "online"]
[Date "2020.11.17"]
[Round "7.111"]
[White "Wager, John D"]
[Black "Karthikeyan, Pranav"]
[Result "1-0"]
[WhiteElo "2057"]
[BlackElo "700"]
[PlyCount "103"]
[EventDate "2020.11.17"]
[WhiteTeam "Maidenhead 1"]
[BlackTeam "BCC Foxes"]

1. d4 d5 2. Nf3 Bf5 3. Bf4 c5 4. c3 Nf6 5. Qb3 Qd7 6. Ne5 Qc8 7. e3 c4 8. Qa4+
Nbd7 9. Nd2 e6 10. h3 h6 11. g4 Bh7 12. Bg2 b5 13. Qd1 Be7 14. O-O O-O 15. Bg3
a5 16. f4 Nxe5 17. fxe5 Ne8 18. Rf3 b4 19. Qf1 Bd3 20. Qf2 bxc3 21. bxc3 Qb7
22. Bf1 Qb2 23. Re1 Qxc3 24. Bxd3 Qxd3 25. e4 Qc2 26. Rf1 f6 27. exf6 Nxf6 28.
exd5 c3 29. Nb1 Qxf2+ 30. R1xf2 Ne4 31. Nxc3 Nxf2 32. Kxf2 Rxf3+ 33. Kxf3 Rf8+
34. Ke4 exd5+ 35. Nxd5 Re8 36. Nc7 Rc8 37. d5 Bh4 38. Bxh4 Rxc7 39. d6 Rd7 40.
Kd5 Kf7 41. a4 g5 42. Be1 Kf6 43. Bxa5 Ra7 44. Bc3+ Kf7 45. a5 Ke8 46. Ke6 Rd7
47. Bd4 Kd8 48. a6 Rh7 49. a7 Rxa7 50. Bxa7 Ke8 51. d7+ Kd8 52. Bb6# 1-0

[Event "4NCL Online Division 5"]
[Site "online"]
[Date "2020.11.17"]
[Round "7.112"]
[White "Tran, Le Gia Khuong"]
[Black "Milnes, Anthony C P"]
[Result "0-1"]
[WhiteElo "700"]
[BlackElo "1960"]
[PlyCount "98"]
[EventDate "2020.11.17"]
[WhiteTeam "BCC Foxes"]
[BlackTeam "Maidenhead 1"]

1. e4 e6 2. d4 d5 3. e5 c5 4. Nf3 Nc6 5. Bb5 Qb6 6. Bxc6+ bxc6 7. Nc3 Ba6 8.
Na4 Qa5+ 9. Nc3 cxd4 10. Nxd4 c5 11. Nb3 Qc7 12. Ne2 Qxe5 13. Bf4 Qf5 14. h4
Bxe2 15. Qxe2 Qxf4 16. Qb5+ Kd8 17. Qa5+ Qc7 18. Qxc7+ Kxc7 19. O-O Nf6 20. g3
Bd6 21. Nd2 Rab8 22. Rab1 e5 23. Rfe1 Rhe8 24. c4 d4 25. f3 e4 26. fxe4 Bxg3
27. Re2 Bxh4 28. Rh2 Nxe4 29. Nxe4 Rxe4 30. Rf1 f6 31. Rg2 g6 32. b3 Rbe8 33.
Kh2 Re2 34. Kh1 Re1 35. Rfg1 Rxg1+ 36. Rxg1 Re1 37. Rxe1 Bxe1 38. Kg2 d3 39.
Kf3 d2 40. Ke2 h5 41. Kd1 h4 42. b4 cxb4 43. a4 h3 44. a5 h2 45. c5 h1=Q 46. c6
Qf3+ 47. Kc2 d1=Q+ 48. Kb2 Qc3+ 49. Ka2 Qda1# 0-1

[Event "4NCL Online Division 5"]
[Site "online"]
[Date "2020.11.17"]
[Round "7.113"]
[White "Janota, Paul S"]
[Black "Panunzio, Jacopo"]
[Result "1-0"]
[WhiteElo "1855"]
[BlackElo "700"]
[PlyCount "49"]
[EventDate "2020.11.17"]
[WhiteTeam "Maidenhead 1"]
[BlackTeam "BCC Foxes"]

1. e4 e5 2. Bc4 Nf6 3. Nc3 Nc6 4. Nf3 Bc5 5. d3 d6 6. Bg5 Bg4 7. Nd5 Nd4 8. c3
Bxf3 9. gxf3 Ne6 10. Bxf6 gxf6 11. b4 c6 12. bxc5 cxd5 13. exd5 Nxc5 14. d4
exd4 15. cxd4 Nd7 16. Qe2+ Kf8 17. O-O Rg8+ 18. Kh1 Nb6 19. Rae1 Nxc4 20. Qxc4
Rc8 21. Qd3 Qd7 22. Qxh7 Qb5 23. Qh6+ Rg7 24. Rg1 Qd3 25. Qxg7# 1-0

[Event "4NCL Online Division 5"]
[Site "online"]
[Date "2020.11.17"]
[Round "7.114"]
[White "Wang, Mark"]
[Black "Mashayekh, Majid"]
[Result "0-1"]
[WhiteElo "700"]
[BlackElo "1855"]
[PlyCount "102"]
[EventDate "2020.11.17"]
[WhiteTeam "BCC Foxes"]
[BlackTeam "Maidenhead 1"]

1. c4 e6 2. d4 c5 3. Nf3 cxd4 4. Nxd4 Nc6 5. Nc3 Nf6 6. Bf4 d6 7. Nxc6 bxc6 8.
e3 e5 9. Bg5 Be7 10. Bd3 Qb6 11. Qc2 Rb8 12. b3 h6 13. Bh4 Be6 14. O-O g5 15.
Bg3 h5 16. f3 g4 17. Bh4 Qxe3+ 18. Qf2 Qxd3 19. Ne4 Nxe4 20. fxe4 Qd4 21. Qxd4
exd4 22. Bxe7 Kxe7 23. Rad1 c5 24. Rde1 f6 25. g3 a5 26. h4 gxh3 27. Rf3 h4 28.
Kh2 hxg3+ 29. Rxg3 Rbg8 30. Rxg8 Rxg8 31. Rf1 Rg2+ 32. Kh1 Rxa2 33. Rg1 Kf7 34.
Rg3 Ra3 35. Kg1 a4 36. Kf2 Rxb3 37. Rg1 h2 38. Ra1 Bh3 39. Rh1 a3 40. Rxh2 Rb2+
41. Kg1 Rxh2 42. Kxh2 Be6 43. Kg2 a2 44. e5 fxe5 45. Kf3 a1=Q 46. Ke4 Qe1+ 47.
Kf3 Qe3+ 48. Kg2 Bh3+ 49. Kh2 d3 50. Kh1 Qf3+ 51. Kh2 Qg2# 0-1

[Event "4NCL Online Division 5"]
[Site "online"]
[Date "2020.11.17"]
[Round "7.121"]
[White "McLean, Ian"]
[Black "Shah, Prem C"]
[Result "1-0"]
[WhiteElo "2012"]
[BlackElo "1037"]
[PlyCount "121"]
[EventDate "2020.11.17"]
[WhiteTeam "Spirit of Atticus B"]
[BlackTeam "Watford Juniors C"]

1. f4 d5 2. Nf3 Bf5 3. g3 Nf6 4. Bg2 Nc6 5. d3 e6 6. O-O Bc5+ 7. e3 O-O 8. Kh1
Qd6 9. Nh4 Bg4 10. Qe1 Rfe8 11. h3 Bh5 12. g4 Bg6 13. e4 dxe4 14. dxe4 Nb4 15.
Na3 Qd4 16. c3 Qd7 17. cxb4 Bb6 18. Nxg6 fxg6 19. Be3 Bxe3 20. Qxe3 h5 21. g5
Nh7 22. Rad1 Qa4 23. e5 Qxb4 24. Qc3 Qxc3 25. bxc3 Nf8 26. Rd4 c6 27. Rfd1 h4
28. Nc4 a6 29. Nd6 Reb8 30. Nxb7 Rc8 31. Rd8 Rxd8 32. Rxd8 Ra7 33. Bxc6 a5 34.
c4 Ra6 35. Bb5 Rb6 36. Nc5 Kf7 37. Rxf8+ Kxf8 38. Nd7+ Ke7 39. Nxb6 Kd8 40. Kg2
Kc7 41. c5 Kb7 42. Kf3 Kc7 43. Ke4 Kb7 44. a4 Kc7 45. Nc4 Kb7 46. Nxa5+ Ka7 47.
Nc4 Kb7 48. Nd6+ Ka7 49. Nf7 Kb8 50. Nd8 Kc7 51. Nxe6+ Kc8 52. Nxg7 Kc7 53. e6
Kd8 54. Ke5 Ke7 55. a5 Kf8 56. Kf6 Kg8 57. e7 Kh7 58. Ne6 Kh8 59. e8=Q+ Kh7 60.
Qf7+ Kh8 61. Qg7# 1-0

[Event "4NCL Online Division 5"]
[Site "online"]
[Date "2020.11.17"]
[Round "7.122"]
[White "Karthik, Trivikraman"]
[Black "Hall, John"]
[Result "0-1"]
[WhiteElo "700"]
[BlackElo "1979"]
[PlyCount "58"]
[EventDate "2020.11.17"]
[WhiteTeam "Watford Juniors C"]
[BlackTeam "Spirit of Atticus B"]

1. d4 Nf6 2. Be3 e6 3. Bf4 d5 4. e3 c5 5. c3 Nc6 6. Nd2 Be7 7. Ngf3 O-O 8. Qb1
b6 9. Ne5 Nxe5 10. dxe5 Nh5 11. Bd3 g6 12. Bg3 f5 13. f4 Bb7 14. O-O Nxg3 15.
hxg3 c4 16. Be2 Bc5 17. Kf2 b5 18. Rh1 Qb6 19. Nf1 Rad8 20. Qc2 d4 21. cxd4
Rxd4 22. exd4 Bxd4+ 23. Ke1 Be4 24. Qd2 Bf2+ 25. Kd1 Rd8 26. Kc1 Rxd2 27. Nxd2
Qe3 28. Bd1 c3 29. bxc3 Qxc3+ 0-1

[Event "4NCL Online Division 5"]
[Site "online"]
[Date "2020.11.17"]
[Round "7.123"]
[White "Bimpson, Tom"]
[Black "Balakrishnan, Akshata"]
[Result "1-0"]
[WhiteElo "1943"]
[BlackElo "700"]
[PlyCount "63"]
[EventDate "2020.11.17"]
[WhiteTeam "Spirit of Atticus B"]
[BlackTeam "Watford Juniors C"]

1. d4 d5 2. Nf3 Nc6 3. Bf4 Nf6 4. e3 Bf5 5. Bd3 Bxd3 6. Qxd3 Nb4 7. Qb5+ c6 8.
Qxb4 a5 9. Qxb7 Rb8 10. Qxb8 Qxb8 11. Bxb8 g5 12. O-O Bh6 13. Be5 Ng4 14. Bxh8
Bg7 15. Bxg7 Nxh2 16. Kxh2 g4 17. Ne5 h5 18. Nxc6 h4 19. Nxa5 g3+ 20. fxg3
hxg3+ 21. Kxg3 f5 22. c4 dxc4 23. Nxc4 e6 24. a4 e5 25. Bxe5 f4+ 26. Rxf4 Kd7
27. Nc3 Kc6 28. Rh1 Kd7 29. Rf6 Ke7 30. Rh7+ Ke8 31. Nd6+ Kd8 32. Rf8# 1-0

[Event "4NCL Online Division 5"]
[Site "online"]
[Date "2020.11.17"]
[Round "7.131"]
[White "Mason, Ian C"]
[Black "Shaw, David K"]
[Result "1-0"]
[WhiteElo "1897"]
[BlackElo "1660"]
[PlyCount "102"]
[EventDate "2020.11.17"]
[WhiteTeam "Grangemouth Gambiteers"]
[BlackTeam "Watford 3"]

1. d4 e6 2. e4 d5 3. Nc3 Bb4 4. e5 Ne7 5. a3 Bxc3+ 6. bxc3 c5 7. Nf3 h6 8. a4
O-O 9. Be2 b6 10. O-O Ba6 11. Bxa6 Nxa6 12. Qd3 Qc8 13. Ba3 Nc6 14. Rfb1 Na5
15. Nd2 Rd8 16. dxc5 Nxc5 17. Bxc5 Qxc5 18. Nb3 Nxb3 19. cxb3 d4 20. cxd4 Rxd4
21. Qf3 Rad8 22. h3 Qxe5 23. Re1 Qd5 24. Qxd5 R8xd5 25. Re3 Rd3 26. Rae1 Kf8
27. Kh2 Ke7 28. g4 Kd6 29. Kg2 Kc5 30. Rc1+ Kb4 31. Rxd3 Rxd3 32. Rc7 a5 33.
Rxf7 Kxb3 34. Rxg7 Kxa4 35. Rg6 b5 36. Rxh6 b4 37. g5 b3 38. Rxe6 b2 39. Re1
Ka3 40. g6 Rd7 41. h4 Ka2 42. h5 Rd5 43. f4 Rd7 44. h6 b1=Q 45. Rxb1 Kxb1 46.
f5 Rd8 47. h7 a4 48. g7 Rd2+ 49. Kf3 a3 50. g8=Q a2 51. Qxa2+ Kxa2 1-0

[Event "4NCL Online Division 5"]
[Site "online"]
[Date "2020.11.17"]
[Round "7.132"]
[White "Vig, Sanjay"]
[Black "Will, Douglas"]
[Result "0-1"]
[WhiteElo "1562"]
[BlackElo "1828"]
[PlyCount "52"]
[EventDate "2020.11.17"]
[WhiteTeam "Watford 3"]
[BlackTeam "Grangemouth Gambiteers"]

1. e4 e5 2. f4 Nc6 3. Nf3 f5 4. d4 fxe4 5. Nxe5 d6 6. Qh5+ g6 7. Nxc6 bxc6 8.
Qa5 Bg7 9. c3 Nf6 10. Bc4 d5 11. Be2 O-O 12. O-O Qe7 13. Qa3 Qe8 14. Nd2 Bg4
15. Re1 Qe6 16. c4 Bxe2 17. cxd5 cxd5 18. Rxe2 Qg4 19. Qe3 Nh5 20. Rf2 Nxf4 21.
Nxe4 dxe4 22. Qb3+ Kh8 23. Rxf4 Rxf4 24. Bxf4 Qxf4 25. Qd5 Rf8 26. Re1 Qf2+ 0-1

[Event "4NCL Online Division 5"]
[Site "online"]
[Date "2020.11.17"]
[Round "7.133"]
[White "Sandham, Alasdair"]
[Black "Nokes, Oliver"]
[Result "1-0"]
[WhiteElo "1361"]
[BlackElo "1525"]
[PlyCount "95"]
[EventDate "2020.11.17"]
[WhiteTeam "Grangemouth Gambiteers"]
[BlackTeam "Watford 3"]

1. d4 d5 2. Bf4 e6 3. e3 Bd6 4. Bg3 Nf6 5. Nd2 O-O 6. Ngf3 b6 7. Bd3 Ba6 8.
Bxa6 Nxa6 9. Qe2 Nb4 10. Kd1 c5 11. a3 Nc6 12. Qb5 Rc8 13. Ne5 Bxe5 14. Bxe5
Ne4 15. Nxe4 dxe4 16. Bg3 cxd4 17. Ke2 dxe3 18. fxe3 Ne7 19. c3 Nf5 20. Bf4 g5
21. Rad1 Qf6 22. Be5 Qh6 23. g4 Rc5 24. Qd7 Nxe3 25. Bd6 Nxd1 26. Bxc5 bxc5 27.
Kxd1 Qh3 28. Qxa7 Qxg4+ 29. Kc1 Qf3 30. Rd1 e3 31. Qxc5 Qf4 32. Re1 e2+ 33. Kc2
Qf5+ 34. Qxf5 exf5 35. Rxe2 Kg7 36. b4 Kf6 37. a4 f4 38. b5 Rd8 39. b6 f3 40.
Rf2 g4 41. a5 Re8 42. b7 h5 43. a6 h4 44. a7 g3 45. hxg3 hxg3 46. Rxf3+ Kg7 47.
Rxg3+ Kf8 48. b8=Q 1-0

[Event "4NCL Online Division 5"]
[Site "online"]
[Date "2020.11.17"]
[Round "7.134"]
[White "Hylands, Keith"]
[Black "Fowler, David"]
[Result "0-1"]
[WhiteElo "1360"]
[BlackElo "1143"]
[PlyCount "64"]
[EventDate "2020.11.17"]
[WhiteTeam "Watford 3"]
[BlackTeam "Grangemouth Gambiteers"]

1. e4 d6 2. f4 Nf6 3. d3 g6 4. Nf3 Bg7 5. Be2 c5 6. c3 O-O 7. O-O Nc6 8. Nbd2
b5 9. b3 Ng4 10. Nb1 b4 11. h3 bxc3 12. Qc2 Nb4 13. Qd1 c2 14. Qe1 Bxa1 15. Nc3
Bxc3 16. Qxc3 Nf6 17. a3 Na2 18. Qxc2 Nxc1 19. Qxc1 Qc7 20. e5 Nh5 21. Kh2 Rb8
22. Nh4 dxe5 23. Bxh5 gxh5 24. f5 f6 25. Qc4+ Kh8 26. Rf3 e4+ 27. Rg3 Bb7 28.
Ng6+ hxg6 29. fxg6 Kg7 30. dxe4 h4 31. Qe2 hxg3+ 32. Kh1 Qf4 0-1

[Event "4NCL Online Division 5"]
[Site "online"]
[Date "2020.11.17"]
[Round "7.141"]
[White "Fink-Nunn, Petra"]
[Black "Winser, Frederick"]
[Result "1-0"]
[WhiteElo "2042"]
[BlackElo "1300"]
[PlyCount "73"]
[EventDate "2020.11.17"]
[WhiteTeam "Bude Surfers"]
[BlackTeam "Manchester Juniors C"]

1. e4 e5 2. f4 d6 3. Nf3 Nf6 4. Nc3 g6 5. fxe5 dxe5 6. Nxe5 Bg7 7. d4 O-O 8.
Bc4 Be6 9. Bxe6 fxe6 10. O-O Nc6 11. Nxc6 bxc6 12. Bg5 Qd7 13. Qd2 Ng4 14. e5
c5 15. dxc5 Qxd2 16. Bxd2 Bxe5 17. h3 Bd4+ 18. Kh1 Nf2+ 19. Kh2 Bxc5 20. Bh6
Rf5 21. g4 Rf3 22. Kg2 Rf7 23. Rae1 Re8 24. Na4 Bb6 25. Nxb6 axb6 26. Rxf2
Rxf2+ 27. Kxf2 Kf7 28. Rd1 Rc8 29. Rd7+ Kg8 30. Rg7+ Kh8 31. Re7 Rf8+ 32. Bxf8
Kg8 33. Bh6 c5 34. Rxe6 Kf7 35. Rxb6 c4 36. a4 c3 37. bxc3 1-0

[Event "4NCL Online Division 5"]
[Site "online"]
[Date "2020.11.17"]
[Round "7.143"]
[White "Richards, Maurice A"]
[Black "Eccleston, Rowan"]
[Result "1-0"]
[WhiteElo "1577"]
[BlackElo "1187"]
[PlyCount "75"]
[EventDate "2020.11.17"]
[WhiteTeam "Bude Surfers"]
[BlackTeam "Manchester Juniors C"]

1. Nf3 e6 2. c4 d5 3. cxd5 exd5 4. d4 Nc6 5. Nc3 Bb4 6. Bd2 Nf6 7. a3 Bxc3 8.
Bxc3 O-O 9. e3 Ne4 10. Rc1 Qf6 11. Qb3 Bg4 12. Be2 b6 13. Qxd5 Rfe8 14. O-O
Rad8 15. Qc4 Qg6 16. Nd2 Bh3 17. Bf3 Ne5 18. dxe5 Nxd2 19. Bxd2 Rxd2 20. Qc3
Red8 21. Qxc7 R8d7 22. Qc8+ Rd8 23. Qxh3 h6 24. Rc8 Qd3 25. Rxd8+ Qxd8 26. e6
Qc7 27. exf7+ Kxf7 28. Qf5+ Kg8 29. Be4 Qd6 30. Bf3 Rxb2 31. Qc8+ Kh7 32. Be4+
g6 33. Qb7+ Kg8 34. Bd5+ Kh8 35. Qf7 Qd8 36. e4 Rd2 37. Qxg6 a6 38. Qxh6# 1-0

[Event "4NCL Online Division 5"]
[Site "online"]
[Date "2020.11.17"]
[Round "7.144"]
[White "Sheehy, Lewis"]
[Black "Russell, Lloyd"]
[Result "0-1"]
[WhiteElo "1127"]
[BlackElo "1195"]
[PlyCount "70"]
[EventDate "2020.11.17"]
[WhiteTeam "Manchester Juniors C"]
[BlackTeam "Bude Surfers"]

1. e4 c6 2. d4 d5 3. Nc3 e6 4. Nf3 c5 5. exd5 exd5 6. dxc5 Nf6 7. Bg5 Bxc5 8.
Nxd5 Qxd5 9. Bb5+ Bd7 10. Qe2+ Qe4 11. Qxe4+ Nxe4 12. Bxd7+ Nxd7 13. O-O Nxg5
14. Nxg5 O-O 15. Rad1 Rad8 16. Rd5 h6 17. Ne4 b6 18. Nxc5 Nxc5 19. Rxd8 Rxd8
20. b4 Ne4 21. Re1 Rd2 22. f3 Nf6 23. Rc1 Nd5 24. c3 Rxa2 25. b5 Ra3 26. c4 Nc3
27. Kf2 Ra2+ 28. Ke3 Ne2 29. Re1 Nc3 30. Kd3 Ra3 31. Re7 Nxb5+ 32. Ke2 Nd6 33.
Re3 Nxc4 34. Rxa3 Nxa3 35. Kd3 Kf8 0-1

[Event "4NCL Online Division 5"]
[Site "online"]
[Date "2020.11.17"]
[Round "7.151"]
[White "Richardson, Kevin D"]
[Black "Foale, Ron"]
[Result "1-0"]
[WhiteElo "2194"]
[BlackElo "1667"]
[PlyCount "83"]
[EventDate "2020.11.17"]
[WhiteTeam "Farnham A"]
[BlackTeam "Uxbridge Bombers A"]

1. e4 e5 2. Nf3 Nc6 3. Bc4 Bc5 4. O-O Nf6 5. d3 h6 6. c3 d6 7. Nbd2 Be6 8. Bxe6
fxe6 9. Qb3 Qd7 10. Qxb7 Rb8 11. Qa6 O-O 12. Qa4 Qe8 13. b4 Bb6 14. Qd1 Qh5 15.
Nc4 Ng4 16. h3 Nxf2 17. Rxf2 Bxf2+ 18. Kxf2 d5 19. Ncd2 Rbd8 20. Kg1 Ne7 21.
Qe2 Ng6 22. Nf1 Nh4 23. N1h2 Rf6 24. Be3 dxe4 25. dxe4 Rdf8 26. Rf1 Rg6 27. Ng4
Nxf3+ 28. Rxf3 Rxf3 29. Qxf3 Qh4 30. Qf2 Qd8 31. Kh2 a6 32. Nxe5 Rf6 33. Qg3
Qd1 34. Nf3 Qe2 35. Bd4 Rf7 36. Ne5 Rf6 37. Ng4 Rg6 38. Nxh6+ Kh7 39. Ng4 Qxe4
40. Qh4+ Kg8 41. Nf6+ gxf6 42. Qxe4 1-0

[Event "4NCL Online Division 5"]
[Site "online"]
[Date "2020.11.17"]
[Round "7.152"]
[White "Foster, Brian E"]
[Black "Warren, Alex M"]
[Result "0-1"]
[WhiteElo "1630"]
[BlackElo "2050"]
[PlyCount "156"]
[EventDate "2020.11.17"]
[WhiteTeam "Uxbridge Bombers A"]
[BlackTeam "Farnham A"]

1. c4 Nf6 2. Nf3 g6 3. Nc3 Bg7 4. e4 d6 5. d3 Nc6 6. Be2 e5 7. O-O O-O 8. a3 a5
9. Rb1 Nd4 10. Nxd4 exd4 11. Nd5 c6 12. Nxf6+ Qxf6 13. f4 Qe7 14. Bf3 a4 15.
Bd2 f5 16. Re1 Qf7 17. g3 fxe4 18. Bxe4 Bf5 19. Bb4 Bxe4 20. Rxe4 Qd7 21. Qc2
c5 22. Bd2 Rfe8 23. Rbe1 Rxe4 24. Rxe4 Re8 25. Rxe8+ Qxe8 26. Qd1 Qc6 27. Kf2
Kf7 28. b4 axb3 29. Qxb3 Qh1 30. Ke2 Qxh2+ 31. Kd1 Qh1+ 32. Kc2 Qc6 33. Qb5
Qxb5 34. cxb5 Bf6 35. Kb3 Bd8 36. Kc4 Ke6 37. a4 b6 38. Kb3 d5 39. Kc2 c4 40.
Be1 h5 41. Bf2 Bf6 42. Kd2 Kd6 43. Kc2 Kc5 44. Be1 Bd8 45. Kb2 cxd3 46. Kb3 Kd6
47. Bf2 Bf6 48. Be1 Kc7 49. Kb4 Be7+ 50. Kb3 Bc5 51. Bd2 Kd7 52. Be1 Bd6 53.
Bd2 Bc7 54. Be1 h4 55. gxh4 Bxf4 56. a5 d2 57. Bxd2 Bxd2 58. a6 Kc7 59. Kc2 Be1
60. Kd3 Bf2 61. Ke2 Bxh4 62. Kd3 Bf2 63. Ke2 Be3 64. Kf3 g5 65. Kg4 d3 66. Kf3
Bc5 67. Kg4 d2 68. Kxg5 d1=Q 69. Kf6 Qe2 70. a7 Kb7 71. a8=Q+ Kxa8 72. Kf5 d4
73. Kf4 d3 74. Kf5 d2 75. Kf4 d1=Q 76. Kf5 Qdf1+ 77. Kg6 Qeg2+ 78. Kh7 Qfh1#
0-1

[Event "4NCL Online Division 5"]
[Site "online"]
[Date "2020.11.17"]
[Round "7.153"]
[White "Abhishek, Pradhan"]
[Black "Nandi, Asoke K"]
[Result "1-0"]
[WhiteElo "1810"]
[BlackElo "1562"]
[PlyCount "75"]
[EventDate "2020.11.17"]
[WhiteTeam "Farnham A"]
[BlackTeam "Uxbridge Bombers A"]

1. d4 d5 2. c4 e6 3. Nc3 Nf6 4. Nf3 Nbd7 5. Bg5 Be7 6. Qc2 c5 7. cxd5 exd5 8.
dxc5 Nxc5 9. e3 O-O 10. Be2 a6 11. O-O b5 12. Rfd1 Bb7 13. Qf5 Nce4 14. Nxe4
Nxe4 15. Bxe7 Qxe7 16. Rac1 g6 17. Qh3 Kg7 18. Nd4 Qf6 19. Rc7 Qxf2+ 20. Kh1
Bc8 21. Qf3 Qxf3 22. Bxf3 Nf2+ 23. Kg1 Nxd1 24. Bxd5 Rb8 25. e4 Ne3 26. Bb3 Bb7
27. Ne6+ Kf6 28. Nxf8 Bxe4 29. Nd7+ Kg5 30. Nxb8 Nxg2 31. Rxf7 Nh4 32. Kf2 h5
33. Nxa6 Nf5 34. Nc5 Bb1 35. Ne6+ Kh4 36. Rb7 Bd3 37. Nf4 Bc4 38. Nxg6+ 1-0

[Event "4NCL Online Division 5"]
[Site "online"]
[Date "2020.11.17"]
[Round "7.154"]
[White "Smith, Richard"]
[Black "Frostick, Helen M"]
[Result "0-1"]
[WhiteElo "1517"]
[BlackElo "1855"]
[PlyCount "134"]
[EventDate "2020.11.17"]
[WhiteTeam "Uxbridge Bombers A"]
[BlackTeam "Farnham A"]

1. c4 e6 2. Nc3 d5 3. cxd5 exd5 4. d4 Nf6 5. Nf3 c6 6. e3 Bf5 7. Be2 Bd6 8. h3
Nbd7 9. O-O O-O 10. Nh4 Bg6 11. f4 Ne4 12. Nxg6 fxg6 13. Nxe4 dxe4 14. Qb3+ Kh8
15. Qxb7 c5 16. Qxe4 cxd4 17. Qxd4 Bc5 18. Qd3 Qe7 19. Kh1 Rad8 20. Qb3 Nf6 21.
Bf3 Ne4 22. Bxe4 Qxe4 23. Rf3 Bb6 24. Qc3 Rd3 25. Qc2 Rfd8 26. Qe2 Rd1+ 27. Kh2
g5 28. fxg5 Bc7+ 29. g3 Qc6 30. Qf2 Kg8 31. h4 Rxc1 32. Rxc1 Qxc1 33. Kh3 Bb6
34. Qe2 Re8 35. e4 Qc8+ 36. Kg2 Qe6 37. b3 Qxe4 38. Qxe4 Rxe4 39. Kh3 Bc7 40.
a4 a5 41. Rc3 Bd6 42. Rd3 Bb4 43. Rf3 Rd4 44. Re3 Kf7 45. Kg2 Kg6 46. Kh3 Kf5
47. Rf3+ Ke5 48. Rf7 Ke6 49. Rxg7 Rd7 50. Rxd7 Kxd7 51. Kg4 Ke6 52. h5 Kf7 53.
Kf5 Bd2 54. g4 Bc1 55. g6+ hxg6+ 56. hxg6+ Kg7 57. Ke6 Kxg6 58. Kd5 Kg5 59. Kc4
Bd2 60. b4 Bxb4 61. Kd4 Kxg4 62. Ke4 Be1 63. Kd4 Kf4 64. Kd3 Ke5 65. Kc4 Ke4
66. Kc5 Kd3 67. Kb5 Bb4 0-1

[Event "4NCL Online Division 5"]
[Site "online"]
[Date "2020.11.17"]
[Round "7.161"]
[White "Johnson, Derek R"]
[Black "Clynes, Chris"]
[Result "1-0"]
[WhiteElo "2012"]
[BlackElo "1457"]
[PlyCount "81"]
[EventDate "2020.11.17"]
[WhiteTeam "Crowthorne 1"]
[BlackTeam "Bishop Knights"]

1. e4 c5 2. b4 cxb4 3. Nf3 d6 4. Bc4 e6 5. a3 Nc6 6. axb4 Nxb4 7. Nc3 Nf6 8. e5
Ng4 9. exd6 Bxd6 10. Ne4 Be7 11. Bb2 O-O 12. d4 a6 13. O-O Nd5 14. Ng3 Bd7 15.
Ne5 Nxe5 16. dxe5 Bc6 17. Qg4 Qc7 18. Rfe1 Bc5 19. Nh5 g6 20. Bxd5 Bxd5 21.
Nf6+ Kg7 22. Ba3 Bxa3 23. Rxa3 Qxc2 24. Rh3 Rh8 25. Qh4 h5 26. Nxd5 exd5 27.
Qf6+ Kh6 28. g4 Kh7 29. gxh5 g5 30. Qxf7+ Kh6 31. Rf3 g4 32. Rf6+ Kg5 33. Rf4
Kh4 34. Qf6+ Kxh5 35. e6 Qg6 36. Re5+ Kh6 37. Qh4+ Kg7 38. Qe7+ Kh6 39. Rf6 b5
40. Rxg6+ Kxg6 41. Rg5+ 1-0

[Event "4NCL Online Division 5"]
[Site "online"]
[Date "2020.11.17"]
[Round "7.162"]
[White "Burnett, John"]
[Black "Taylor, Mark V"]
[Result "0-1"]
[WhiteElo "1240"]
[BlackElo "1832"]
[PlyCount "62"]
[EventDate "2020.11.17"]
[WhiteTeam "Bishop Knights"]
[BlackTeam "Crowthorne 1"]

1. b3 e5 2. Nc3 Nf6 3. e3 d5 4. d4 e4 5. h3 c6 6. Be2 Bd6 7. a3 O-O 8. b4 Be6
9. f3 Bg3+ 10. Kf1 Nbd7 11. f4 Ne8 12. Bg4 Nd6 13. Nge2 Bh4 14. g3 Be7 15. Ng1
a5 16. Bxe6 fxe6 17. b5 cxb5 18. Rb1 b4 19. axb4 axb4 20. Rxb4 Nf5 21. Rxb7
Nxg3+ 22. Kg2 Nxh1 23. Kxh1 Qc8 24. Rb3 Nf6 25. Nge2 Ra1 26. Rb1 Rxb1 27. Nxb1
e5 28. Ba3 Qxh3+ 29. Kg1 Ng4 30. Bxe7 Qh2+ 31. Kf1 Qf2# 0-1

[Event "4NCL Online Division 5"]
[Site "online"]
[Date "2020.11.17"]
[Round "7.163"]
[White "Green, George D A"]
[Black "Coates, Ryan"]
[Result "1-0"]
[WhiteElo "1825"]
[BlackElo "1225"]
[PlyCount "91"]
[EventDate "2020.11.17"]
[WhiteTeam "Crowthorne 1"]
[BlackTeam "Bishop Knights"]

1. c4 g6 2. Nc3 Bg7 3. d4 e6 4. e4 Ne7 5. Nf3 b6 6. Bg5 O-O 7. Qd2 c5 8. Be2
cxd4 9. Nxd4 e5 10. Ndb5 Bb7 11. Rd1 Bc6 12. Bxe7 Qxe7 13. Nc7 Rd8 14. Nxa8
Bxa8 15. Nd5 Bxd5 16. cxd5 d6 17. O-O Nd7 18. b4 Nf6 19. Qc2 Qd7 20. Ba6 Qg4
21. f3 Qd7 22. Qc6 Qe7 23. Rf2 Rd7 24. Rc2 Ne8 25. Qc3 Nc7 26. Bc8 Nb5 27. Qd3
Nd4 28. Bxd7 Nxc2 29. Qxc2 Qxd7 30. Qc6 Qe7 31. Qc8+ Bf8 32. Rc1 Qg5 33. Qc3 f5
34. Rc2 h5 35. Qd2 f4 36. Rc7 h4 37. Rxa7 h3 38. Kh1 Qh5 39. Qf2 g5 40. gxh3
Qxh3 41. Qg2 Qh4 42. Rb7 Qe1+ 43. Qg1 Qe2 44. Qxg5+ Kh8 45. Qh5+ Kg8 46. Qh7#
1-0

[Event "4NCL Online Division 5"]
[Site "online"]
[Date "2020.11.17"]
[Round "7.164"]
[White "Clynes, Jamie"]
[Black "Love, James"]
[Result "0-1"]
[WhiteElo "850"]
[BlackElo "1697"]
[PlyCount "60"]
[EventDate "2020.11.17"]
[WhiteTeam "Bishop Knights"]
[BlackTeam "Crowthorne 1"]

1. d4 e6 2. e4 d5 3. Nc3 c5 4. Nf3 Nc6 5. Bb5 a6 6. Ba4 b5 7. Nxb5 axb5 8. Bxb5
Qb6 9. Qe2 Bd7 10. Ne5 Nxe5 11. dxe5 Bxb5 12. Qf3 Qc7 13. Bf4 Ra4 14. exd5 exd5
15. O-O-O Bc6 16. Kb1 Ne7 17. Rhe1 Ng6 18. Bg3 d4 19. Qh5 Be7 20. e6 Qa7 21. a3
c4 22. exf7+ Kf8 23. Re5 Nxe5 24. Bxe5 c3 25. Rxd4 Rxd4 26. Bxg7+ Kxg7 27. Qe5+
Kxf7 28. Qxd4 Qxd4 29. bxc3 Rb8+ 30. Kc1 Bxa3# 0-1